Wörter, die auf –grafie enden - Statistiken

Allgemein
  • Dieses Quiz wurde 92 mal gespielt
  • Das Durchschnittsergebnis liegt bei 7 aus 14
Antwortstatistiken
Definition -grafie % Korrekt
Erdkunde Geografie
98%
Der Lebenslauf einer Person, verfasst von jemand anderem Biografie
94%
Aufnahme von Lichtbildern Fotografie
78%
Erstellung von Karten Kartografie
66%
Kunst des schönen Schreibens Kalligrafie
56%
Der Lebenslauf einer Person, verfasst von ihr selbst Autobiografie
55%
Liste der Filme, an denen jemand mitgewirkt hat Filmografie
40%
Rechtschreibung Orthografie
37%
Bevölkerungswissenschaft Demografie
27%
Ultraschalluntersuchung Sonografie
27%
Röntgenaufnahme Radiografie
26%
wissenschaftliche Einzelschrift Monografie
24%
Verschlüsselung von Informationen Kryptografie
17%
Literatur-, Quellenverzeichnis Bibliografie
15%
Keine übereinstimmenden Quizze gefunden
Verteilung der Resultate
Anzahl Personen mit jedem Resultat
Perzentil nach korrekt beantworteten Fragen
Ihre Resultats-Entwicklung
Sie haben dieses Quiz noch nicht gespielt